Hinterlassenschaften der Greifswalder Ratsherrenfamilie Lange auf dem Hof der ehemaligen Post
| Titel: | Hinterlassenschaften der Greifswalder Ratsherrenfamilie Lange auf dem Hof der ehemaligen Post / Giannina Schindler, Peter Kaute |
|---|---|
| Verfasser: | ; |
| In: |
Greifswalder Beiträge zur Stadtgeschichte, Denkmalpflege, Stadtsanierung, Band 5 (2011), Seite 46 alle Artikel anzeigen |
| Veröffentlicht: | 2011 |
| Umfang: | Illustrationen |
| Format: | Aufsatz |
| Sprache: | Deutsch |
X
alg: 43912444 001A $03025:22-11-18 001B $03025:18-09-25 $t14:25:25.000 001D $03025:22-11-18 001U $0utf8 001X $00 002@ $0Oou 002C $aText $btxt $2rdacontent 002C $aText $btxt $2rdacontent 002D $aComputermedien $bc $2rdamedia 002D $aohne Hilfsmittel zu benutzen $bn $2rdamedia 002E $aOnline-Ressource $bcr $2rdacarrier 002E $aBand $bnc $2rdacarrier 003@ $0439124441 007A $0439124441 $aHEB 009Q $uhttps://www.greifswald.de/de/.galleries/Amt-60-Stadtbauamt/Greifswalder-Beitraege/2011_JG5_Jahresheft.pdf $xH 010@ $ager 010E $erda 011@ $a2011 021A $aHinterlassenschaften der Greifswalder Ratsherrenfamilie Lange auf dem Hof der ehemaligen Post $hGiannina Schindler, Peter Kaute 028A $BVerfasser $4aut $7 $8Schindler, Giannina [Tnu] $9439123577 028C $BVerfasser $4aut $7 $8Kaute, Peter [Tnu] $9439123585 031A $d5 $h46 $j2011 034M $aIllustrationen 039B $aEnthalten in $8--Obvc--. Greifswalder Beiträge zur Stadtgeschichte, Denkmalpflege, Stadtsanierung. - Greifswald : Der Oberbürgermeister, Stadtbauamt, [2016]-. - Online-Ressource $x201100000050000954 $942852964X 044K $#Greifswald $#Gryphisvaldia $#Universitäts- und Hansestadt Greifswald $#Hansestadt Greifswald $#Gryphiswaldiae $#Greifsvaldas $#Gryfia $#Gryphia $#Gryphica $74021965-3 $8Greifswald [Tg1] $9085053651 044K $74177008-0 $8Ratsherr [Ts1] $9085833991 044K $RGewahrsam $RGewere $#Possession (Law) $#Possession (droit) $#Possesso $#Posesión (Derecho) $#property $#Eigentum/Besitz $74006023-8 $8Besitz [Ts1] $9085008117 044K $RVor- und Frühgeschichte $RBodendenkmalpflege $#Archaeology $#Archéologie $#Archeologia $#Arqueología $#archaeology $#Archäologie $#Archäologie $#Altertumskunde Archäologie $74002827-6 $8Archäologie [Tsz] $9084999233 045F $a930.1094381609023 $eDDC23BSB 045F/01 $a930.1 045F/03 $f09023 045F/03 $g43816 lok: 43912444 78 exp: 43912444 78 1 #EPN 201B/01 $022-11-18 $t09:44:06.000 201C/01 $022-11-18 201U/01 $0utf8 203@/01 $01035059142 208@/01 $a22-11-18 $be 209A/01 $a/ $f000 $x00 209A/01 $ab*p $x01 220C/01 $awma 244Z/01 $#Pommern $#Pommern $#Herzogtum Pommern $#Herzogthum Pommern $#Provinz Pommern $#Pomorze $74046744-2 $8--Tg1--Pommern $x06 $9085130354 247C/01 $82080>Marburg/Lahn, Herder-Institut, Forschungsbibliothek, Bibliographieportal $9336309341
| LEADER | 00000caa a2200000 c 4500 | ||
|---|---|---|---|
| 001 | 439124441 | ||
| 003 | DE-603 | ||
| 005 | 20250918142525.0 | ||
| 007 | cr|||||||||||| | ||
| 008 | 181122s2011 xx |||| o| u00||u|ger c | ||
| 035 | |a (DE-599)HEB439124441 | ||
| 040 | |a DE-603 |b ger |c DE-603 |d DE-603 |e rda | ||
| 041 | |a ger | ||
| 082 | 0 | 4 | |8 1\u |a 930.1094381609023 |q DE-101 |2 23/BSB |
| 085 | |8 1\u |b 930.1 | ||
| 085 | |8 1\u |z 1 |s 09023 | ||
| 085 | |8 1\u |z 2 |s 43816 | ||
| 100 | 1 | |a Schindler, Giannina |e Verfasser |4 aut |0 (DE-603)439123577 | |
| 245 | 0 | 0 | |a Hinterlassenschaften der Greifswalder Ratsherrenfamilie Lange auf dem Hof der ehemaligen Post |c Giannina Schindler, Peter Kaute |
| 264 | 0 | |c 2011 | |
| 300 | |b Illustrationen | ||
| 336 | |a Text |b txt |2 rdacontent | ||
| 336 | |a Text |b txt |2 rdacontent | ||
| 337 | |a Computermedien |b c |2 rdamedia | ||
| 337 | |a ohne Hilfsmittel zu benutzen |b n |2 rdamedia | ||
| 338 | |a Online-Ressource |b cr |2 rdacarrier | ||
| 338 | |a Band |b nc |2 rdacarrier | ||
| 650 | 7 | |a Ratsherr |0 (DE-588)4177008-0 |0 (DE-603)085833991 |2 gnd | |
| 650 | 7 | |a Besitz |0 (DE-588)4006023-8 |0 (DE-603)085008117 |2 gnd | |
| 650 | 7 | |a Archäologie |0 (DE-588)4002827-6 |0 (DE-603)084999233 |2 gnd | |
| 651 | 7 | |a Greifswald |0 (DE-588)4021965-3 |0 (DE-603)085053651 |2 gnd | |
| 700 | 1 | |a Kaute, Peter |e Verfasser |4 aut |0 (DE-603)439123585 | |
| 773 | 0 | 8 | |i Enthalten in |t Greifswalder Beiträge zur Stadtgeschichte, Denkmalpflege, Stadtsanierung |d Greifswald : Der Oberbürgermeister, Stadtbauamt, [2016]- |h Online-Ressource |g Band 5 (2011), Seite 46 |w (DE-603)42852964X |w (DE-600)2926907-6 |
| 856 | |u https://www.greifswald.de/de/.galleries/Amt-60-Stadtbauamt/Greifswalder-Beitraege/2011_JG5_Jahresheft.pdf |x Verlag | ||
| 924 | 1 | |9 2080 |a (DE-603)1035059142 |b DE-2080 |c HES |d d |g / | |


